000 00390nam a2200121Ia 4500
008 220620s9999||||xx |||||||||||||| ||und||
245 0 _aEvolutionary Computation
546 _aEnglish[eng]
650 _aComputer architecture & logic design
700 _aPinheiro dos Santos, Wellington
856 _uhttps://mts.intechopen.com/storage/books/3749/authors_book/authors_book.pdf
942 _cEB
999 _c32299
_d32299